Breve conspecto de la oftalmología árabe / (Record no. 117557)

MARC details
000 -LEADER
campo de control de longitud fija 00794nam a2200217 4500
001 - NÚMERO DE CONTROL
campo de control 117557
003 - IDENTIFICADOR DE NÚMERO DE CONTROL
campo de control ES-MaACL
005 - FECHA Y HORA DE LA ÚLTIMA TRANSACCIÓN
campo de control 20250822153248.0
007 - CAMPO FIJO DE DESCRIPCIÓN FÍSICA--INFORMACIÓN GENERAL
campo de control de longitud fija t|
008 - DATOS DE LONGITUD FIJA--INFORMACIÓN GENERAL
campo de control de longitud fija 070214s1956 sp r ||||1| spa d
100 1# - ENTRADA PRINCIPAL--NOMBRE DE PERSONA
Nombre de persona Pansier, Paul.
9 (RLIN) 88818
245 10 - MENCIÓN DEL TÍTULO
Título Breve conspecto de la oftalmología árabe /
Mención de responsabilidad, etc. por el Dr. P. Pansier ; con un prólogo, notas y un apéndice por el Dr. J.M. Millás Vallicrosa.
260 ## - PUBLICACIÓN, DISTRIBUCIÓN, ETC.
Lugar de publicación, distribución, etc. Barcelona :
Nombre del editor, distribuidor, etc. Laboratorios del Norte de España,
Fecha de publicación, distribución, etc. 1956.
300 ## - DESCRIPCIÓN FÍSICA
Extensión 55 p. :
Otras características físicas il. ;
Dimensiones 22 cm.
650 #4 - PUNTO DE ACCESO ADICIONAL DE MATERIA--TÉRMINO DE MATERIA
Término de materia o nombre geográfico como elemento de entrada Oftalmología.
9 (RLIN) 15693
650 #7 - PUNTO DE ACCESO ADICIONAL DE MATERIA--TÉRMINO DE MATERIA
Término de materia o nombre geográfico como elemento de entrada Medicina árabe
Fuente del encabezamiento o término embne
9 (RLIN) 14919
700 1# - ENTRADA AGREGADA--NOMBRE PERSONAL
Nombre de persona Millás Vallicrosa, José María,
Fechas asociadas al nombre 1888-1970
9 (RLIN) 81191
710 2# - ENTRADA AGREGADA--NOMBRE DE ENTIDAD CORPORATIVA
Nombre de entidad corporativa o nombre de jurisdicción como elemento de entrada Laboratorios del Norte de España.
9 (RLIN) 5476
852 ## - LOCALIZACIÓN
Ubicación ES-MaACL
Número de control de estantería 1994-F-22
Holdings
Estatus retirado Estado de pérdida Estado de daño No para préstamo Colección Biblioteca de origen Biblioteca actual Ubicación en estantería Fecha de adquisición Fuente de adquisición Total de préstamos Signatura topográfica completa Código de barras Visto por última vez Precio de reemplazo Tipo de ítem Koha
        Colección de folletos Biblioteca del Ateneo de Madrid Biblioteca del Ateneo de Madrid Depósito folletos 17/01/2008     1994-F-22 1122562 23/02/2023 23/02/2023 Folleto